[Event "Rheinhessen-ch U14"]
[Site "Heidesheim"]
[Date "2013.01.19"]
[Round "4.3"]
[White "Liedel, Linda"]
[Black "Zimmer, Oliver"]
[Result "1/2-1/2"]
[WhiteElo "898"]
[BlackElo "1162"]
[PlyCount "42"]
[EventDate "2013.01.19"]
[EventType "swiss"]
[EventRounds "7"]
[EventCountry "GER"]
[SourceTitle "EXT 2014"]
[Source "ChessBase"]
[SourceDate "2013.11.20"]
[SourceVersion "1"]
[SourceVersionDate "2013.11.20"]
[SourceQuality "1"]

1. e4 c5 2. Nf3 g6 3. c3 Bg7 4. d4 b6 5. Be3 d6 6. Bc4 Bb7 7. Nbd2 Nf6 8. Qc2 0-0 9. 0-0 Ba6 10. a4 Bxc4 11. Nxc4 Nc6 12. h3 Qc7 13. d5 Nb8 14. Ncd2 Qb7 15. c4 Nfd7 16. Ra2 Na6 17. Qb1 Nc7 18. b4 a6 19. bxc5 dxc5 20. a5 Rab8 21. axb6 Qxb6 1/2-1/2